Statistiques concernant Afrique - Série 05

Cliquez ici pour prendre le quiz!

Statistiques générales

  • Ce quiz a été pris 109 fois
    (84 depuis la dernière actualisation)
  • Le résultat moyen est 7 sur 10

Statistiques - réponses

QuestionRéponse% Correct
Dans quel pays a eu lieu la première révolution du Printemps arabe en 2010 ?Tunisie
84%
Année de l'indépendance de l'Algérie1962
82%
Dans quel pays se trouve la ville de Lagos ?Nigeria
81%
Dans quel pays trouve-t-on "la vallée des rois" ?Egypte
77%
De quel pays Leopold Sédar Senghor fut-il le 1er président ?Sénégal
74%
Quelle est la monnaie du Maroc ?Dirham
73%
Quelle est la principale cause de mortalité en Afrique à la fin du 20ème siècle ?Sida
68%
Quelle est la capitale du Lesotho ?Maseru
54%
De quel pays est originaire le vaudou ?Bénin
35%
Quelle est la monnaie de l'Afrique du Sud ?Rand
32%

Distribution des résultats

Percentile par nombre de réponses

% des personnes avec chaque résultat

Votre développement - résultats

Vous n’avez pas pris ce quiz depuis la dernière actualisation